• 首页
  • 本馆介绍
  • 公告通知
  • 最新文献
  • 馆藏检索
  • 电子资源
  • 读者导购
  • 参考咨询
  • 我的图书馆
  • 登录
  • 详细信息显示
  • 放入我的书架
  • 预约/预借图书
  • 作者相关作品
  • 分类相关作品
  • 丛书相关作品
  • 出版社相关作品

书目信息

  • 表格格式
  • 工作单格式
  • 卡片格式
题名:
微积分中的典型例题分析与习题
    
 
作者: 朱来义 主编
分册:  
出版信息: 北京   高等教育出版社  2009
页数: 530页
开本: 23cm
丛书名: 大学数学学习辅导丛书
单 册:
中图分类: O172-44
科图分类:
主题词: 微积分--解题--高等学校 , 微积分
电子资源:
ISBN: 978-7-04-027432-5
000 01197oam2 2200313 45
001 1130687202
005 20110310091156.90
010    @a978-7-04-027432-5@dCNY39.60
100    @a20110121e2009 em y0chiy50 ea
101 0  @achi
102    @aCN@b110000
105    @ay zq 000yy
106    @ar
200 1  @a微积分中的典型例题分析与习题@AWei Ji Fen Zhong De Dian Xing Li Ti Fen Xi Yu Xi Ti@f朱来义主编@FZhu Lai Yi Zhu Bian
205    @a2版
210    @a北京@c高等教育出版社@d2009
215    @a530页@d23cm
225 2  @a大学数学学习辅导丛书
300    @a高等学校经济管理学科数学基础/范培华,胡显佑主编
312    @a封底英文题名:The analysis of typical examples and exercises in calculus
330    @a本书内容包括函数、极限与连续、导数与微分、中值定理与导数的应用、不定积分等。每章包括内容要点,典型例题解析以及习题A、B、C,书末附有习题参考答案与提示。
461  0 @12001 @a大学数学学习辅导丛书
510 1  @aAnalysis of typical examples and exercises in calculus@zeng
606 0  @a微积分@x解题@x高等学校
606 0  @a微积分
690    @aO172-44@v4
701  0 @a朱来义@AZhu Lai Yi@f(1964.12~)@4主编
801  0 @aCN@bTANGWEI@c20110310
905    @b0531280-84@dO172-44@e114=2@f5
    
    微积分中的典型例题分析与习题/朱来义主编.-2版.-北京:高等教育出版社,2009
    530页;23cm.-(大学数学学习辅导丛书)
    高等学校经济管理学科数学基础/范培华,胡显佑主编
    
    ISBN 978-7-04-027432-5:CNY39.60
    本书内容包括函数、极限与连续、导数与微分、中值定理与导数的应用、不定积分等。每章包括内容要点,典型例题解析以及习题A、B、C,书末附有习题参考答案与提示。
●
相关链接 在E读中查询图书 在五车中查询图书 在当当中查询图书 在豆瓣中查询图书


正题名:微积分中的典型例题分析与习题     索取号:O172-44/114=2         预约/预借

序号 登录号 条形码 馆藏地/架位号 状态 备注
1 0531280   205312801   第二样本阅览室/ [索取号:O172-44/114=2] 在馆    
2 0531281   205312810   密集书库-数信学院/ [索取号:O172-44/114=2] 在馆    
3 0531282   205312829   第三借阅区/ [索取号:O172-44/114=2] 在馆    
4 0531283   205312838   第三借阅区/ [索取号:O172-44/114=2] 在馆    
5 0531284   205312847   第三借阅区/ [索取号:O172-44/114=2] 在馆    
唐山师范学院图书馆 欢迎您!
大连网信软件有限公司© 版权所有